000 00277nam a2200121Ia 4500
008 190216s9999||||xx |||||||||||||| ||und||
100 _aAnanthakrishnan
245 2 _aA Text Book Of Heat
260 _bViswanathan S.
_c1987
300 _a416p
650 _aPhysics
942 _cBK
999 _c33107
_d33107